[Event "Rhein Main op-B 18th"]
[Site "Bad Homburg"]
[Date "2015.06.07"]
[Round "7"]
[White "Desor, Helmut"]
[Black "Meyer, Marcel"]
[Result "1-0"]
[WhiteElo "1782"]
[BlackElo "1694"]
[PlyCount "49"]
[EventDate "2015.06.03"]
[EventType "swiss"]
[EventRounds "7"]
[EventCountry "GER"]
[SourceTitle "CBM 167 Extra"]
[Source "ChessBase"]
[SourceDate "2015.09.14"]
[SourceVersion "1"]
[SourceVersionDate "2015.09.14"]
[SourceQuality "1"]

1. Nf3 Nf6 2. c4 e6 3. Nc3 Bb4 4. a3 Bxc3 5. bxc3 c5 6. d4 0-0 7. Qc2 b6 8. e4 d6 9. Bd3 Bb7 10. e5 dxe5 11. dxe5 Nfd7 12. Bxh7+ Kh8 13. Be4 Nc6 14. Bf4 Qc7 15. Bg3 Rad8 16. 0-0 Rfe8 17. Ng5 Nf8 18. Qe2 g6 19. Qf3 Rd7 20. Rad1 Red8 21. h4 Na5 22. Rxd7 Rxd7 23. h5 Bxe4 24. Qf6+ Kg8 25. h6 1-0

[Event "Rhein Main op-B 18th"]
[Site "Bad Homburg"]
[Date "2015.06.06"]
[Round "6"]
[White "Lesny, Florian"]
[Black "Desor, Helmut"]
[Result "1-0"]
[WhiteElo "1597"]
[BlackElo "1782"]
[PlyCount "45"]
[EventDate "2015.06.03"]
[EventType "swiss"]
[EventRounds "7"]
[EventCountry "GER"]
[SourceTitle "CBM 167 Extra"]
[Source "ChessBase"]
[SourceDate "2015.09.14"]
[SourceVersion "1"]
[SourceVersionDate "2015.09.14"]
[SourceQuality "1"]

1. e4 d6 2. d4 Nf6 3. Nc3 Nbd7 4. Nf3 c5 5. d5 Ne5 6. Nxe5 dxe5 7. Be2 a6 8. a4 h6 9. a5 Bd7 10. Be3 Qc7 11. 0-0 e6 12. Bc4 Rd8 13. Qe2 exd5 14. Nxd5 Nxd5 15. Bxd5 Be7 16. Qf3 0-0 17. Qh5 Bf6 18. f4 Qc8 19. f5 c4 20. Rf3 Bxf5 21. Rxf5 g6 22. Qxg6+ Bg7 23. Bxh6 1-0

[Event "Rhein Main op-B 14th"]
[Site "Bad Homburg"]
[Date "2011.06.23"]
[Round "3"]
[White "Hebbering, Tom Elliot"]
[Black "Desor, Helmut"]
[Result "1-0"]
[WhiteElo "1481"]
[BlackElo "1807"]
[PlyCount "71"]
[EventDate "2011.06.22"]
[EventType "swiss"]
[EventRounds "7"]
[EventCountry "GER"]
[SourceTitle "EXT 2012"]
[Source "ChessBase"]
[SourceDate "2011.11.24"]
[SourceVersion "1"]
[SourceVersionDate "2011.11.24"]
[SourceQuality "1"]

1. d4 d5 2. Nf3 Nf6 3. e3 c5 4. b3 cxd4 5. exd4 Nc6 6. Bb2 h6 7. Nbd2 Bf5 8. Be2 e6 9. 0-0 Bd6 10. a3 a5 11. Ne5 0-0 12. f4 Ne4 13. Bd3 Nxd2 14. Qxd2 Ne7 15. Bb5 Qc7 16. c4 f6 17. Nd7 Rfd8 18. c5 Rxd7 19. Bxd7 Bxc5 20. dxc5 Qxd7 21. Bc3 Qb5 22. b4 Be4 23. Qb2 Nf5 24. Rfe1 Nh4 25. Qe2 Qc6 26. Qg4 Nxg2 27. Rxe4 dxe4 28. Qxg2 axb4 29. axb4 Rxa1+ 30. Bxa1 Kf7 31. Qd2 Kg6 32. Kf2 Kf5 33. Bc3 Qc7 34. Qe3 Qxf4+ 35. Qxf4+ Kxf4 36. b5 1-0

[Event "Rhein Main op 13th"]
[Site "Bad Homburg"]
[Date "2010.06.05"]
[Round "5"]
[White "Desor, Helmut"]
[Black "Winand, Edgar"]
[Result "1-0"]
[WhiteElo "1807"]
[BlackElo "1973"]
[PlyCount "73"]
[EventDate "2010.06.02"]
[EventType "swiss"]
[EventRounds "7"]
[EventCountry "GER"]
[SourceTitle "EXT 2011"]
[Source "ChessBase"]
[SourceDate "2010.11.26"]
[SourceVersion "1"]
[SourceVersionDate "2010.11.26"]
[SourceQuality "1"]

1. c4 d6 2. d4 g6 3. Nc3 Bg7 4. e3 Nc6 5. a3 e5 6. d5 Nce7 7. e4 f5 8. Nf3 h6 9. h3 Nf6 10. Bd3 Bd7 11. Qc2 b6 12. Bd2 Kf7 13. Nh4 f4 14. g3 g5 15. Nf5 Nxf5 16. exf5 a6 17. Be2 Qe7 18. 0-0-0 c6 19. Bf3 Rac8 20. Rhe1 fxg3 21. fxg3 cxd5 22. Bxd5+ Ke8 23. g4 Qd8 24. Qd3 b5 25. Kb1 bxc4 26. Bxc4 Qb6 27. Be3 Qa5 28. Bd2 Qc5 29. Ba2 Ke7 30. Be3 Qc6 31. Rc1 Qf3 32. Rcd1 Rc6 33. Nd5+ Nxd5 34. Bxd5 e4 35. Bxc6 exd3 36. Bxf3 Rb8 37. Ba7+ 1-0

[Event "Rhein Main op 13th"]
[Site "Bad Homburg"]
[Date "2010.06.03"]
[Round "2"]
[White "Desor, Helmut"]
[Black "Urbach, Jens"]
[Result "1-0"]
[WhiteElo "1807"]
[BlackElo "966"]
[PlyCount "57"]
[EventDate "2010.06.02"]
[EventType "swiss"]
[EventRounds "7"]
[EventCountry "GER"]
[SourceTitle "EXT 2011"]
[Source "ChessBase"]
[SourceDate "2010.11.26"]
[SourceVersion "1"]
[SourceVersionDate "2010.11.26"]
[SourceQuality "1"]

1. c4 e5 2. Nc3 c6 3. d4 d6 4. e4 Nd7 5. Nf3 Be7 6. Be2 h6 7. Qc2 Ngf6 8. h3 a6 9. a4 Qb6 10. Be3 c5 11. a5 Qa7 12. d5 b6 13. 0-0 bxa5 14. Rxa5 Qb6 15. Ra3 Rb8 16. Rb1 0-0 17. b4 Qc7 18. b5 a5 19. Rba1 Ra8 20. Nd2 Bd8 21. Nb3 a4 22. Rxa4 Rxa4 23. Nxa4 Bb7 24. Bd2 Nb6 25. Nxb6 Qxb6 26. Ba5 Qa7 27. Bxd8 Qxa1+ 28. Nxa1 Rxd8 29. Nb3 1-0

[Event "Rhein Main op 13th"]
[Site "Bad Homburg"]
[Date "2010.06.02"]
[Round "1"]
[White "Kutzner, Joachim"]
[Black "Desor, Helmut"]
[Result "1-0"]
[WhiteElo "2154"]
[BlackElo "1807"]
[PlyCount "97"]
[EventDate "2010.06.02"]
[EventType "swiss"]
[EventRounds "7"]
[EventCountry "GER"]
[SourceTitle "EXT 2011"]
[Source "ChessBase"]
[SourceDate "2010.11.26"]
[SourceVersion "1"]
[SourceVersionDate "2010.11.26"]
[SourceQuality "1"]

1. e4 d6 2. d4 Nf6 3. Nc3 g6 4. Bg5 Bg7 5. Qd2 Nbd7 6. Be2 c5 7. d5 a6 8. a4 Qa5 9. Ra2 Qb4 10. f3 h6 11. Be3 Ne5 12. a5 Bd7 13. Nh3 Bb5 14. Nxb5 Qxd2+ 15. Kxd2 axb5 16. Bxb5+ Ned7 17. Nf2 0-0 18. g4 Ne5 19. Ke2 Rfc8 20. h3 Rc7 21. f4 Ned7 22. c4 Nb8 23. Kf3 Na6 24. Nd3 Nd7 25. Rb1 Ndb8 26. Ra4 Rc8 27. h4 Nc7 28. h5 Nxb5 29. cxb5 Nd7 30. Rc1 Bf6 31. hxg6 fxg6 32. Bd2 Kg7 33. Rac4 Rf8 34. Kg3 g5 35. fxg5 Bxg5 36. Bxg5 hxg5 37. b4 Rf7 38. bxc5 Raf8 39. c6 Rf3+ 40. Kg2 Rxd3 41. Rf1 Rd2+ 42. Kg1 Rxf1+ 43. Kxf1 bxc6 44. dxc6 Ne5 45. Rc3 Nxg4 46. c7 Rf2+ 47. Ke1 Rf8 48. c8Q Rxc8 49. Rxc8 1-0

[Event "Reunion op 11th"]
[Site "St Denis"]
[Date "2009.10.11"]
[Round "3"]
[White "Koch, Alain1111"]
[Black "Desor, Helmut"]
[Result "1/2-1/2"]
[WhiteElo "2007"]
[BlackElo "1753"]
[PlyCount "127"]
[EventDate "2009.10.10"]
[EventType "swiss"]
[EventRounds "9"]
[EventCountry "RUF"]
[SourceTitle "CBM 132 Extra"]
[Source "ChessBase"]
[SourceDate "2009.11.03"]
[SourceVersion "1"]
[SourceVersionDate "2009.11.03"]
[SourceQuality "1"]

1. d4 Nf6 2. Nc3 d5 3. Nf3 b6 4. e3 e6 5. a3 c5 6. Bb5+ Bd7 7. 0-0 a6 8. Be2 Nc6 9. Re1 Be7 10. Bf1 0-0 11. Bd3 Qc7 12. h3 c4 13. Bf1 Rfd8 14. e4 dxe4 15. Nxe4 b5 16. c3 Nd5 17. Qc2 Bf8 18. Be3 Nxe3 19. Rxe3 Ne7 20. Ne5 Bc6 21. Nxc6 Qxc6 22. Rae1 Rd5 23. Ng3 Nf5 24. Nxf5 Rxf5 25. g4 Rg5 26. Bg2 Qc8 27. f4 Rg6 28. Bxa8 Qxa8 29. Qe4 Qb8 30. Kh1 Bd6 31. Rf1 Rf6 32. Ref3 h5 33. g5 Rf5 34. h4 g6 35. Kg2 Kg7 36. Qe3 Qb7 37. Kg3 Qc7 38. Qe4 Rd5 39. Kf2 Kf8 40. Ke2 Kg7 41. Qc2 Rf5 42. Qe4 Rd5 43. Kd1 Kf8 44. Kc2 Kg7 45. Qe2 Rf5 46. Qd2 Kg8 47. Kb1 Kg7 48. Qe3 Qc6 49. Re1 Qc7 50. Qe4 Rd5 51. f5 Rxf5 52. Rxf5 gxf5 53. Qf3 Kg6 54. Qa8 Kg7 55. Qxa6 Qd7 56. Qa8 Bg3 57. Rh1 Qd6 58. Qb7 Qf4 59. Qxb5 Qe4+ 60. Ka2 Qxh1 61. Qe8 Qxh4 62. Qe7 Qg4 63. Qf6+ Kg8 64. Qd8+ 1/2-1/2